Geology Multiple Choice - Statistics

General Stats
  • This quiz has been taken 1,069 times
  • The average score is 9 of 16
Answer Stats
Question Answer % Correct
Which of these is NOT one of the three kinds of rock? Extrusive
89%
The Ring of Fire surrounds which ocean? Pacific
85%
What is pyrite more commonly known as? Fool's Gold
80%
Have humans ever dug below Earth's crust? No
71%
Which of these rocks is formed by cooling magma? Granite
68%
Where would you find a stalagmite? The floor of a cave
64%
Which continent is slowly dividing in two as a result of plate tectonics? Africa
63%
True or false, coal is made from the remains of dinosaurs False
56%
What geological feature are there only about 12 of in the world, including ones found at Yellowstone National Park and Lake Taupo? Supervolcanoes
54%
Which volcano erupts differently than the other three? Mauna Loa
50%
Which country does NOT experience frequent earthquakes? Vietnam
50%
Fulgurites are large fused chunks of sand formed by what? Lightning
43%
Where would you need to look to find things like the O-Horizon, A-Horizon, and B-Horizon? Soil
33%
By the geologic definition, where would you find ooze? Ocean Floor
27%
Given geological definitions, which of these things is NOT a mineral? Obsidian
26%
Which of the following is the fastest? Average speed of a glacier
25%
No matching quizzes found
Score Distribution
Percent of People with Each Score
Percentile by Number Answered
Your Score History
You have not taken this quiz